Illustrator CS KillerTips

Bibliographic Details
Main Author: Cross, Dave (Author)
Format: Book
Language:English
Published: Berkeley : New Riders Publishing / Peachpit Press , c2004
Subjects:

MARC

LEADER 00000cam a2200000 7i4500
001 0000002657
005 20090118093000.0
008 090101s inu eng
020 |a 0321272242 
020 |a 9780321272249 
090 0 0 |a T385   |b .C76 2004 
100 1 |a Cross, Dave ,   |e author 
245 1 0 |a Illustrator CS KillerTips   |c Dave Cross 
246 3 0 |a Illustrator CS killer tips 
260 |a Berkeley :   |b New Riders Publishing / Peachpit Press ,   |c c2004 
300 |a xxi, 263 p. :   |b ill. (some col.) ;   |c 25 cm. 
500 |a Includes index 
500 |a The hottest collection of cool tips and hidden secrets for Adobe Illustrator 
505 0 |a 1. The view -- 2. Tool Time -- 3. Nip/Tuck -- 4. Different Strokes -- 5. Get Smart -- 6. Extreme Makeover -- 7. Trading Spaces -- 8. Whose Line Is It Anyway? -- 9. Friends -- 10. D'oh! 
630 0 0 |a Adobe Illustrator (Computer file) 
650 0 |a Computer graphics 
999 |a 1000105308   |b Book   |c OPEN SHELF (30 DAYS)   |e Gong Badak Campus